00318nam a2200121 a 4500008004100000050001500041100002800056245003600084250001100120260003900131300001700170350000900187120416s1960 ||||||||||||||||| || u aQA 263 Bel aBellman, Richard Ernest10aIntroduction to Matrix analysis a2nd.ed aNew YorkbMcGraw-Hillc1960 (1970) axxiii, 403p. a0.00